Un arte vulnerable: la biografía como forma
Պահպանված է:
| Հիմնական հեղինակներ: | , , |
|---|---|
| Ձևաչափ: | Գիրք |
| Լեզու: | իսպաներեն |
| Հրապարակվել է: |
Rosario
Nube Negra
2018
|
| Հրատարակություն: | 1a. ed |
| Խորագրեր: | |
| Ցուցիչներ: |
Ավելացրեք ցուցիչ
Չկան պիտակներ, Եղեք առաջինը, ով նշում է այս գրառումը!
|
MARC
| LEADER | 00000cam a2200000 a 4500 | ||
|---|---|---|---|
| 001 | UCB0096 | ||
| 003 | CL-VaPUC | ||
| 005 | 20210920225717.0 | ||
| 008 | 191206e20180000ag spa d | ||
| 020 | |a 9789874665133 | ||
| 082 | 0 | 4 | |a 807 |b AVA |2 21 |
| 100 | 1 | |a Avaro, Nora |e author |9 605404 | |
| 700 | 1 | |a Musitano, Julia |e author |9 605405 | |
| 700 | 1 | |a Podlubne, Judith |e author |9 605406 | |
| 245 | 1 | 3 | |a Un arte vulnerable: la biografía como forma |
| 250 | |a 1a. ed | ||
| 260 | |a Rosario |b Nube Negra |c 2018 | ||
| 300 | |a 338 p | ||
| 583 | |a last modification |c 20191206 10:52:00 |k Rodrigo Vera | ||
| 650 | 0 | 0 | |a Estudios literarios |9 357019 |
| 650 | 0 | 0 | |a Crítica e interpretación |9 255042 |
| 942 | |c BK | ||
| 945 | |a dcastane |d 20191206 10:52:00 | ||
| 999 | |c 376318 |d 376316 | ||
| 952 | |0 0 |1 0 |2 ddc |3 erb |4 0 |6 807_000000000000000_AVA_2018 |7 0 |8 A |9 495695 |a FDOPOS |b FDOPOS |i 5609003 |o 807 AVA 2018 |p 5609003 |r 2025-01-22 |w 2020-01-06 |y BK |z Catalogado en:20191206 |k DLH | ||